书目信息 |
| 题名: |
画法几何与建筑制图
|
|
| 作者: | 莫章金 , 李瑞鸽 主编 | |
| 分册: | ||
| 出版信息: | 重庆 重庆大学出版社 2010.09 |
|
| 页数: | 267页 | |
| 开本: | 28cm | |
| 丛书名: | ||
| 单 册: | ||
| 中图分类: | TU204 | |
| 科图分类: | ||
| 主题词: | 建筑设计 | |
| 电子资源: | ||
| ISBN: | 978-7-5624-5464-9 | |
| 000 | 00637nam0 2200205 450 | |
| 001 | 1245208126 | |
| 005 | 20120406123520.78 | |
| 010 | @a978-7-5624-5464-9@dCNY33.00 | |
| 100 | @a20120406d2010 km y0chiy0120 ea | |
| 101 | 0 | @achi |
| 102 | @aCN | |
| 200 | 1 | @a画法几何与建筑制图@Ahua fa ji he yu jian zhu zhi tu@f莫章金,李瑞鸽主编@Fmo zhang jin,li rui ge zhu bian |
| 210 | @a重庆@c重庆大学出版社@d2010.09 | |
| 215 | @a267页@d28cm | |
| 606 | 0 | @a建筑设计 |
| 690 | @aTU204@v4 | |
| 701 | 0 | @a莫章金@Amo zhang jin@4主编 |
| 701 | 0 | @a李瑞鸽@Ali rui ge@4主编 |
| 801 | 0 | @aCN@b大连网信软件有限公司图书馆·11@c20120406 |
| 905 | @aZUCC@dTU204@eM892 | |
| 画法几何与建筑制图/莫章金,李瑞鸽主编.-重庆:重庆大学出版社,2010.09 |
| 267页;28cm |
| ISBN 978-7-5624-5464-9:CNY33.00 |
| ● |
| 相关链接 |
|
|
|
正题名:画法几何与建筑制图
索取号:TU204/M892
 
预约/预借
| 序号 | 登录号 | 条形码 | 馆藏地/架位号 | 状态 | 备注 |
| 1 | 485125 | 204851259 | 城院文库/ [索取号:TU204/M892] | 在馆 |